000 00411nam a2200145Ia 4500
008 100122s9999 xx 000 0 und d
082 _b32853
_a821
100 _aढसाळ नामदेव
245 _aगोलपीठा
260 _bअनिरुध्द पुनर्वसु
_c1972
300 _a88
630 _aगोलपीठा
730 _aगोलपीठा
942 _cBOOK
999 _c417173
_d417170